000 00471nam a22001817a 4500
999 _c4959
_d4959
003 GBCCL
005 20241126110530.0
008 180215b ||||| |||| 00| 0 eng d
040 _cgbc
082 _a231.3
_bHEI
100 _aHeijkoop, H. L.
_98982
245 _aThe Holy Spirit is a Divine Person /
_cH. L. Heijkoop
250 _a10th Ed.
260 _aNigeria:
_bWord of Truth,
_c1987
300 _a128 p.;
_c20 cm.
650 _aHoly Spirit
_9225
942 _2ddc
_cBK
_08